| 000 | 00811cam a2200277 i 4500 | ||
|---|---|---|---|
| 001 | 42854 | ||
| 003 | BD-RjUL | ||
| 005 | 20211209053614.0 | ||
| 008 | 160616r19831979nyua b 001 0 eng | ||
| 020 |
_a0312541031 _c: $19.95 |
||
| 035 | _a(BD-RjUL)42972 | ||
| 040 |
_aDLC _cDLC _dDLC _beng |
||
| 041 | _aeng | ||
| 082 | 0 | 0 |
_a338.5 _223 _bKOM 1983 |
| 100 | 1 |
_aKoutsoyiannis, A. _9131651 |
|
| 245 | 1 | 0 |
_aModern microeconomics / _cA. Koutsoyiannis. |
| 250 | _a2d ed. | ||
| 260 |
_aNew York : _bSt. Martin's Press, _c1979 [reprinted 1981-1983] |
||
| 300 |
_axvii, 581 p. : _bill. ; _c25 cm. |
||
| 500 | _aContinued by Non-price competition. | ||
| 500 | _aIncludes index. | ||
| 504 | _aBibliography: p. [553]-569. | ||
| 650 | 0 |
_aMicroeconomics. _9131652 |
|
| 942 |
_2ddc _cBK |
||
| 999 |
_c42854 _d42854 |
||